| 000 | 00849cab a22001935a 4500 | ||
|---|---|---|---|
| 001 | L155002 | ||
| 008 | 120216e20120210xxk 000 0 eng d | ||
| 035 | _a(Sirsi) u155002 | ||
| 041 | 0 | _aeng | |
| 100 | 1 | _aPitt, Vern | |
| 245 | 0 | 0 | _a30 things you might not know about part L |
| 260 | _c2012 | ||
| 490 |
_aBuilding _v277 (8714) 10 February 2012, 20-22(3) |
||
| 520 | _aBasic points such as "Part L is the part of the Building Regulations that covers the conservation of fuel and power in all structures, domestic and non-domestic", plus facts about putting it into action, how much will it cost you?, what will the impact be?, and consultation vital statistics, explaining that housebuilders cannot afford to ignore this latest consultation. | ||
| 590 | _aKA | ||
| 651 | 4 |
_aEngland _y886- |
|
| 690 |
_aBuilding regulations _96224 |
||
| 942 | _n0 | ||
| 999 |
_c83777 _d83777 |
||